| 000 | 00426nam a2200181Ia 4500 | ||
|---|---|---|---|
| 008 | 210210b1885 xxu||||| |||| 00| 0 eng d | ||
| 041 | _aeng | ||
| 082 | _a570/58 | ||
| 100 | _aPOWER (H) | ||
| 245 | _aElements of human physiology | ||
| 260 |
_aLondon _bCassell and Company Ltd _c1885 |
||
| 650 | _aphysiology | ||
| 650 | _aof | ||
| 650 | _ahuman | ||
| 650 | _aElements | ||
| 690 | _aHuman Physiology | ||
| 906 | _a010250 | ||
| 999 |
_c138018 _d138018 |
||